000 00498cam a2200193ua 4500
001 2549
008 110912n ii |||gr||||Z||||||asm
040 _cMAIN
082 _a414.8
100 _aGoswami, Gulok Chandra,
_eAuthor.
245 1 _aDhvanivijnanar bhumika
_cby Goluk Chandra Goswami
250 _a3rd.
260 _aGuahati:
_bBina library,985.
300 _a160p:
_c23cm.
653 _aAssamese Language
653 _aAssamese Language
653 _aDhvanivijnanar bhumika
942 _cBK
999 _c2402
_d2402